| 000 | 00991cam a2200289 i 4500 | ||
|---|---|---|---|
| 003 | EG-ScBUE | ||
| 005 | 20240822095447.0 | ||
| 008 | 700710s1970 nyua f b 001 0 eng d | ||
| 020 | _a0486222543 | ||
| 040 |
_aDLC _beng _erda _cDLC _dDLC _dEG-ScBUE |
||
| 082 | 0 | 4 |
_a510.01 _222 _bHUN |
| 100 | 1 |
_aHuntley, H. E., _eauthor. |
|
| 245 | 1 | 4 |
_aThe divine proportion : _ba study in mathematical beauty / _cby H. E. Huntley. |
| 264 | 1 |
_aNew York : _bDover Publications, _c1970. |
|
| 300 |
_axii, 186 pages : _billustrations ; _c22 cm |
||
| 336 |
_2rdacontent _atext _btxt |
||
| 337 |
_aunmediated _2rdamedia _bn |
||
| 338 |
_avolume _bnc _2rdacarrier |
||
| 504 | _aIncludes bibliographical references. | ||
| 650 | 7 |
_aGolden section. _2BUEsh |
|
| 651 | _2BUEsh | ||
| 653 |
_bCOMSCI _cDecember2017 |
||
| 655 | _vReading book | ||
| 856 | 4 | 2 |
_3Publisher description _uhttp://www.loc.gov/catdir/description/dover032/70093195.html |
| 906 |
_a7 _bcbc _corignew _d2 _encip _f19 _gy-gencatlg |
||
| 942 |
_2ddc _cBB |
||
| 999 |
_c25697 _d25669 |
||